000 00952nab a2200277 uc4500
001 811125
005 20240818090429.0
008 030515e20020701 spa
035 _a811125
035 _a(OCoLC)820026497
040 _ccomduadb
041 _aspa
100 1 0 _aCastro Restrepo, Dagoberto
_4aut
_eaut
_9520942
245 1 0 _aPropagacion clonal in vitro de arboles elite de teca (Tectona grandis L.)
650 _aMicropropagación
_971536
650 _aTeca: Tectona grandis
_958539
650 _aCultivo de tejidos vegetales
_943178
650 _aEspecies forestales
_958372
650 7 _aReforestación
_2lemb
_915011
650 _aPlántulas
_962116
650 _aEnraizamiento
_961332
700 1 0 _aDiaz G., Jaiber
_4aut
_eaut
_9366734
700 1 0 _aLinero, Juan Carlos
_4aut
_eaut
_9526553
773 0 _tRevista Colombiana de Biotecnología
_gVolumen 04, Número 01, 2002, p. 49-53
_w703187
_x0123-3475
_0225738
942 _cARIMP
999 _c284871
_d284871